000 01128nam a2200289 i 4500
001 8157
003 KOSZ 005
005 20191018140639.0
008 080903s1958 pl a f f 001 0 pol
015 _aPB 1958/5721
040 _aWA N
_cKOSZ 005/RW
_dKOSZ 005/RW
080 _a66(075):54(075)
100 1 _aHupert, Leszek.
_eAutor.
245 1 0 _aChemia techniczna /
_c Leszek Hupert, Kazimierz Walter.
250 _aWyd. 2.
260 _aWarszawa :
_bPaństwowe Wydawnictwa Techniczne,
_c1958.
300 _a458, [2] s., :
_bil. ;
_c25 cm.
380 _aKsiążki.
504 _aIndeks.
521 8 _aZatwierdz. przez Ministerstwo Oświaty dla zasadniczych szkół chemicznych wydziały wszystkich specjalności. Również dla aparatowych i mistrzów przemysłu chemicznego.
655 4 _aPodręczniki dla szkół zawodowych
650 4 _aTechnologia chemiczna
700 1 _aWalter, Kazimierz.
710 2 _aPaństwowe Wydawnictwa Techniczne
_4pbl.
856 _uhttp://koha.tu.koszalin.pl/cgi-bin/koha/opac-detail.pl?biblionumber=8157
_yKatalog online BPK
942 _2UKD
_cKS
999 _c8157
_d8157